Ballet Trivia - Statistics

General Stats
  • This quiz has been taken 244 times
  • The average score is 12 of 15
Answer Stats
Question Answer % Correct
What language are the ballet steps in? French
98%
A changement is a jump
96%
What does pas de chat mean? step of the cat
96%
In what ballet does someone dream of going to a land of sweets? The Nutcracker
92%
Who is a choreographer? Balanchine
90%
Fondu means to melt
90%
What does tendu mean? To stretch
88%
What does fouette mean? to whip
86%
What ballet did not Tchaikovsky compose? serenade
84%
Who choreographed serenade? Balanchine
82%
Who was famous for her dying swan and for having bad feet? Anna Pavlova
73%
Who is not a composer? Balanchine
73%
What is the name of a turn that's usually in retire? pirouette
73%
Who introduced plotless ballets? Balanchine
65%
Who was the first person to dance on pointe? Marie Taglioni
37%
No matching quizzes found
Score Distribution
Percent of People with Each Score
Percentile by Number Answered
Your Score History
You have not taken this quiz